000 00790nam a22002537a 4500
005 20170123162305.0
010 _aB-200992
020 _c150.00
035 _aB-200992
037 _bCen Lib/Ret
040 _aDPL
_bUR
082 _aک
_bن ک ه
100 _aنکہت افلاک
_9828
245 _aایک اور دستک /
_cنکہت افلاک
246 _aEk aur dastak /
_bby Nikhat Aflak
260 _aنیی دہلی
_bنکہت افلاک
_c2006
270 _a2241, کچہ کچہ چلن دریاگنج
_bنیی دہلی
_e110002
300 _a104p.
_c21cm(Hb)
650 _aاردو ادب
_9109524
650 _aاردو افسانے
_9109525
650 _aUrdu literature
_9109526
650 _aUrdu stories
_9109527
942 _2ddc
_cUR
_hک
_mن ک ه
999 _c106233
_d106233